| 000 | 00784nam a22002057a 4500 | ||
|---|---|---|---|
| 003 | OSt | ||
| 005 | 20260210094126.0 | ||
| 008 | 240924b ||||| |||| 00| 0 eng d | ||
| 040 | _c0 | ||
| 082 | _aDPer 371.206005 J826 Summer-Fall 2022 v. 48 n. 1-2 | ||
| 100 |
_aBall, Sir Christopher. _eauthor. _961635 |
||
| 245 |
_aCommentary on making sense of reform and restructuring of education / _cSir Christopher Ball. |
||
| 260 |
_aIllinois ; _bUniversity of Illinois Press , _cFall 2022. |
||
| 300 |
_aVolume 115, pages 211-225 ; _c26 cm. |
||
| 500 | _aJournal of Education Finance, vol. 48, no. 2, pages 211-225, Fall 2022. | ||
| 650 | 0 |
_aRestructuring education. _964892 |
|
| 650 | 0 |
_aEducation-Finance. _935215 |
|
| 700 |
_aBall, Sir Christopher. _eauthor. _961635 |
||
| 942 |
_2ddc _cPER |
||
| 999 |
_c21850 _d21850 |
||